| 000 | 00560nam a2200205Ia 4500 | ||
|---|---|---|---|
| 003 | OSt | ||
| 005 | 20240927095213.0 | ||
| 008 | 210210b1951 xxu||||| |||| 00| 0 eng d | ||
| 040 | _cAL | ||
| 041 | _aMalayalam | ||
| 082 | _a872/27 | ||
| 100 |
_aKURUP (R S) _d കുറുപ് (ആർ എസ ) _9180408 |
||
| 245 |
_aChalsch chitrakoota _bചാൾസ്ച്ച ചിത്രകൂടാ |
||
| 260 |
_b- _c1951 |
||
| 650 |
_achitrakoota _9180409 |
||
| 650 |
_aChalsch _9180410 |
||
| 690 |
_aMalayalam _9180411 |
||
| 906 | _a002470 | ||
| 942 |
_2ddc _cBK |
||
| 999 |
_c124441 _d124441 |
||